LEADER 01028nam a2200217 i 4500 001 000000043314 003 CaOOAMICUS 005 20120907000000.0 008 120907s1841 it u000 u ita u 013 $a14484 040 $aSeMil$bita 100 1 $aOzanam, Antoine-Frédéric,$c.$0(OLS)http://semarc/name/2749 245 10$aDante e la filosofia cattolica nel tredicesimo secolo /$cdi A. F. Ozanam ; versione italiana con note di Pietro Molinelli. 260 $aMilano :$bSocietà tipogr. de' Classici italiani,$c1841. 300 $aVII, 381 p. ;$c19 cm. 600 14$aAlighieri, Dante <1265-1321>.$0(OLS)http://semarc/subject/2905 700 1 $aMolinelli, Pietro.$0(OLS)http://semarc/name/21503 850 $aSeMil 852 $aSeMil$W1$xVenegono$y1$m2B II 124 FA$j9469$B9469$CSeMilBibl$Z2$F9469 $8I 996 $6245$aDante e la filosofia cattolica nel tredicesimo secolo$9(OLS)http://semarc/title/63574 996 $6260$aMilano :$bSocietà tipogr. de' Classici italiani$9(OLS)http://semarc/publisher/37332 LEADER 01393nam a2200277 i 4500 001 000000123837 003 CaOOAMICUS 005 20040305000000.0 008 040305s2000 it u000 u ita u 013 $a96533 040 $aSeMil$bita 100 1 $aBagetti, Giuseppe Pietro.$0(OLS)http://semarc/name/51413 245 10$aGiuseppe Pietro Bagetti /$c[a cura di] Mercedes Viale Ferrero ; prefazione di Gian Paolo Romagnani ; schede di Monica Tomiato, Mercedes Viale Ferrero. 260 $aTorino :$bAntichi Maestri Pittori,$cstampa 2000. 300 $a82 p. :$briccamente ill. ;$c22x30 cm. 500 $aContiene : Bibliografia. - Catalogo della mostra : Bagetti. Ventiquattro opere, Torino, 6-27 maggio 2000. - Fondo Card. C.M. Martini. 650 4$aBagetti, Giuseppe Pietro <1764-1831> - Esposizioni - 2000.$0(OLS)http://semarc/subject/23757 700 1 $aTomiato, Monica.$0(OLS)http://semarc/name/51415 700 1 $aRomagnani, Gian Paolo <1957->.$0(OLS)http://semarc/name/51414 700 1 $aViale Ferrero, Mercedes.$0(OLS)http://semarc/name/11279 850 $aSeMil 852 $aSeMil$W1$xVenegono$y1$m5K VI 18$j78482$B78482$CSeMilBibl$Z2$F80699 $81 941 1 $a4 961 $aOmaggio: Martini Card. Carlo Maria 996 $6245$aGiuseppe Pietro Bagetti$9(OLS)http://semarc/title/182126 996 $6260$aTorino :$bAntichi Maestri Pittori$9(OLS)http://semarc/publisher/46160